000
00266nam a22001217a 4500
008
181009b xxu||||| |||| 00| 0 eng d
041
_a
eng
080
_a
321
100
_a
15
101
_a
SHJ
245
_a
The Best Lawyers in America
_c
Naifeh, S
942
_2
udc
_c
BK
999
_c
49134
_d
49134